00000000nam##2200000za#4500
0019.625365
003CaOODSP
00520220808101246
007ta
008150406|2000||||xxc|||||     f|0| 0 fre|d
020 |a0-662-84751-2
040 |aCaOODSP|bfre
043 |an-cn---
0861 |aEn40-215/52F
1101 |aCanada. |bEnvironnement Canada.
24510|a1,3-Butadiène
260 |aOttawa - Ontario : |bEnvironnement Canada |c2000.
300 |aviii, 110p. : |bgraphiques, références, tableaux ; |c28 cm.
4901 |aListe des substances d'intérêt prioritaire: rapport d'évaluation
500 |a«Le 1,3-butadiène est un produit d'une combustion incomplète survenant au cours de processus naturels et de l'activité humaine... Il pénètre dans l'environnement canadien par les gaz d'échappement des véhicules à moteur à essence ou à moteur Diesel, les gaz de combustion de la biomasse et à la faveur de ses utilisations industrielles... En général, les Canadiens sont exposés au composé principalement par l'air ambiant et l'air intérieur.»--Synopsis.
5203 |aLe 1,3-butadiène est un produit d'une combustion incomplète survenant au cours de processus naturels et de l'activité humaine... Il pénètre dans l'environnement canadien par les gaz d'échappement des véhicules à moteur à essence ou à moteur Diesel, les gaz de combustion de la biomasse et à la faveur de ses utilisations industrielles... En général, les Canadiens sont exposés au composé principalement par l'air ambiant et l'air intérieur.--Synopsis
563 |aReliure à spirale
590 |a00-25|b2000-06-23
69107|aProduit toxique|2gcpds
69107|aToxicologie|2gcpds
69107|aÉvaluation environnementale|2gcpds
7760#|t1,3-Butadiène / |w(CaOODSP)9.601990
830#0|aListe des substances d'intérêt prioritaire, rapport d'évaluation.|w(CaOODSP)9.512966